| Tag |
First Indicator |
Second Indicator |
Subfields |
| LEADER |
00000cam a2200000Ma 4500 |
| 001 |
in00003778021 |
| 005 |
20160523163358.0 |
| 008 |
130605s2013 enka j 000 0 eng d |
| 035 |
|
|
|a (OCoLC)ocn851152681
|
| 040 |
|
|
|a NLE
|b eng
|c NLE
|d OCLCQ
|d YDXCP
|d TXA
|
| 019 |
|
|
|a 927369679
|
| 020 |
|
|
|a 9781471507151
|q (pbk.)
|
| 020 |
|
|
|a 1471507157
|q (pbk.)
|
| 035 |
|
|
|a (OCoLC)851152681
|z (OCoLC)927369679
|
| 090 |
|
|
|a PE1126.N43
|b E9354 2013
|
| 049 |
|
|
|a TXAM
|
| 100 |
1 |
|
|a Evans, Virginia,
|d 1945-
|e author.
|
| 245 |
1 |
4 |
|a The hammerhead shark /
|c Virginia Evans, Jenny Dooley.
|
| 264 |
|
1 |
|a Newbury, Berkshire, UK :
|b Express Publishing,
|c 2013.
|
| 300 |
|
|
|a 48 pages :
|b color illustrations ;
|c 30 cm.
|
| 336 |
|
|
|a text
|b txt
|2 rdacontent
|
| 337 |
|
|
|a unmediated
|b n
|2 rdamedia
|
| 338 |
|
|
|a volume
|b nc
|2 rdacarrier
|
| 490 |
1 |
|
|a Discover our amazing world level B1
|
| 500 |
|
|
|a "Dive into the amazing world of sharks and discover what makes these mysterious creatures one of the oceans' most deadly predators. Uncover the secrets that lie deep below the surface of the water through stunning images, engaging stories and interesting facts." -- Cover page 4.
|
| 650 |
|
0 |
|a Sharks
|v Readers.
|
| 650 |
|
0 |
|a Readers for new literates.
|
| 700 |
1 |
|
|a Dooley, Jenny,
|e author.
|
| 830 |
|
0 |
|a Discover our amazing world.
|n Level B1.
|
| 948 |
|
|
|a cataloged
|b h
|c 2016/5/23
|d c
|e kwilliams
|f 4:33:56 pm
|
| 994 |
|
|
|a C0
|b TXA
|
| 999 |
f |
f |
|s a50d0235-2e13-3343-a0fa-7296b280f660
|i a1a058da-a88e-3ae5-97c2-4c8eb3e57456
|t 0
|
| 952 |
f |
f |
|p ric
|a Texas A&M University
|b Rellis Campus
|c Joint Library Facility
|s JLF
|d Remote Storage
|t 0
|e PE1126.N43 E9354 2013
|h Library of Congress classification
|i unmediated -- volume
|m A14843558389
|
| 998 |
f |
f |
|a PE1126.N43 E9354 2013
|t 0
|l Remote Storage
|